<?xml version="1.0" encoding="UTF-8"?>
<collection xmlns="http://www.loc.gov/MARC21/slim">
 <record>
  <leader>01187nab a2200241 i 4500</leader>
  <controlfield tag="001">misc64848</controlfield>
  <controlfield tag="005">20230508141423.0</controlfield>
  <controlfield tag="008">230301s1969    hu      o     0||   ger d</controlfield>
  <datafield tag="040" ind1=" " ind2=" ">
   <subfield code="a">SZTE Miscellanea Repozitórium</subfield>
   <subfield code="b">hun</subfield>
  </datafield>
  <datafield tag="041" ind1=" " ind2=" ">
   <subfield code="a">ger</subfield>
  </datafield>
  <datafield tag="100" ind1="1" ind2=" ">
   <subfield code="a">Spuler Bertold</subfield>
  </datafield>
  <datafield tag="245" ind1="1" ind2="0">
   <subfield code="a">E. Schütz</subfield>
   <subfield code="h">[elektronikus dokumentum] :</subfield>
   <subfield code="b">An Armeno-Kipchak chronicle on the Polish-Turkish wars in 1620-1621. Bibliotheca orientalis Hungarica XI, Budapest 1968 : Buchbesprechung /</subfield>
   <subfield code="c"> Spuler Bertold</subfield>
  </datafield>
  <datafield tag="260" ind1=" " ind2=" ">
   <subfield code="a">[Steiner]</subfield>
   <subfield code="b">[Wiesbaden]</subfield>
   <subfield code="c">1969</subfield>
  </datafield>
  <datafield tag="300" ind1=" " ind2=" ">
   <subfield code="a">386-387</subfield>
   <subfield code="c">22 cm</subfield>
  </datafield>
  <datafield tag="300" ind1=" " ind2=" ">
   <subfield code="a">[2] p.</subfield>
   <subfield code="c">22 cm</subfield>
  </datafield>
  <datafield tag="490" ind1="0" ind2=" ">
   <subfield code="a">Zeitschrift der Deutschen Morgenländischen Gesellschaft</subfield>
  </datafield>
  <datafield tag="561" ind1=" " ind2=" ">
   <subfield code="a">Németh Gyula hagyaték</subfield>
  </datafield>
  <datafield tag="591" ind1=" " ind2=" ">
   <subfield code="a">NOA 5734</subfield>
  </datafield>
  <datafield tag="650" ind1=" " ind2="4">
   <subfield code="a">Bölcsészettudományok</subfield>
  </datafield>
  <datafield tag="650" ind1=" " ind2="4">
   <subfield code="a">Történettudomány és régészet</subfield>
  </datafield>
  <datafield tag="695" ind1=" " ind2=" ">
   <subfield code="a">Hadtörténet - lengyel-török - 1620-1621 - forrás - könyvismertetés, Történeti forrás - örmény - 16. sz. - könyvismertetés, Történeti forrás - kipcsak - 16. sz. - könyvismertetés, Lengyel-török háború - 1620-1621 - forrás - könyvismertetés</subfield>
  </datafield>
  <datafield tag="700" ind1="0" ind2="1">
   <subfield code="a">Schütz Ödön</subfield>
  </datafield>
  <datafield tag="856" ind1="4" ind2="0">
   <subfield code="u">http://misc.bibl.u-szeged.hu/64848/1/5734_noa.pdf</subfield>
   <subfield code="z">Dokumentum-elérés </subfield>
  </datafield>
 </record>
</collection>
